[Event "JUG-chT"]
[Site "Igalo"]
[Date "1994.??.??"]
[Round "?"]
[White "Mikhalchishin, Adrian"]
[Black "Matulovic, Milan"]
[Result "1/2-1/2"]
[WhiteElo "2510"]
[BlackElo "2455"]

1.c4 c6 2.Nf3 Nf6 3.Nc3 d5 4.e3 Bf5 5.cxd5 Nxd5 6.d4 e6 7.Bd3 Bxd3 8.Qxd3 Nd7
9.e4 Nxc3 10.bxc3 Qc7 11.O-O Be7 12.e5 O-O 13.Bg5 Nb6 14.c4 Rfd8 15.a4 h6
16.Bxe7 Qxe7 17.a5 Nd7 18.Rfe1 Nb8 19.Qb3 Na6  1/2-1/2

[Event "Isla Guitart op"]
[Site "Isla Guitart "]
[Date "1994.??.??"]
[Round "?"]
[White "Diaz, Augusto"]
[Black "Araque, Rafael"]
[Result "1-0"]
[WhiteElo "2350"]
[BlackElo "2240"]

1.c4 c6 2.Nf3 d5 3.b3 Bf5 4.Bb2 e6 5.d3 Nf6 6.g3 Bc5 7.Nbd2 O-O 8.Bg2 Nbd7
9.O-O h6 10.Qe1 a5 11.e4 Bh7 12.a3 Qe7 13.Qe2 Rfb8 14.e5 Ne8 15.Rfe1 Ba7
16.d4 Nc7 17.Rac1 c5 18.a4 Qe8 19.Qe3 dxc4 20.Nxc4 Nd5 21.Qd2 Nb4 22.Bf1 Qd8
23.Nd6 cxd4 24.Qf4 Qe7 25.Bxd4 Bxd4 26.Nxd4 Nd5 27.Qd2 Nxe5 28.Nxf7 Nxf7
29.Nxe6 Rd8 30.Nxd8 Qxd8 31.Rcd1 Nf6 32.Qf4 Qf8 33.Bc4 Bg6 34.Qc7 Kh7 35.Qxb7 Ng5
36.Re7 Be4 37.Rxe4 Nfxe4 38.f4 Qc5+ 39.Kh1 Ra7 40.Qb8 Nf2+ 41.Kg2 Nxd1 42.Qg8+ Kg6
43.Qe8+ Nf7 44.Qe6+ Kh7 45.Bd3+ Kg8 46.Qe8+ Qf8 47.Bh7+ Kxh7 48.Qxf8 Ne3+
49.Kf3 Nf5 50.Qc5  1-0

[Event "ITA-chT"]
[Site "Italy"]
[Date "1994.??.??"]
[Round "2"]
[White "Tirabassi, Maurizio"]
[Black "Iannacone, Ernesto"]
[Result "1-0"]
[WhiteElo "2340"]
[BlackElo "2375"]

1.c4 c6 2.d4 d5 3.Nf3 Nf6 4.Nc3 e6 5.Bg5 h6 6.Bxf6 Qxf6 7.e3 Nd7 8.Qd2 Bd6
9.Bd3 Qe7 10.O-O O-O 11.e4 dxc4 12.Bxc4 e5 13.d5 Nb6 14.Bb3 Bg4 15.Qe3 Bc5
16.Qd3 Rfd8 17.Rac1 Rac8 18.h3 Bxf3 19.Qxf3 Bd4 20.dxc6 bxc6 21.Rc2 Rd6 22.Ne2 c5
23.Rfc1 Rf6 24.Nxd4 Rxf3 25.Nxf3 a5 26.a3 g6 27.Nd2 a4 28.Ba2 Qd6 29.Bd5 Nxd5
30.Nc4 Qa6 31.exd5 f6 32.d6 Rd8 33.Rd1 Kf7 34.Rd5 Qb5 35.Ne3 Qb3 36.Rcxc5 Qxb2
37.Rc7+ Kf8 38.Ra5 Qxa3 39.Raa7 Qxd6 40.Rh7 Kg8 41.Ng4  1-0

[Event "Jakarta m"]
[Site "Jakarta"]
[Date "1994.??.??"]
[Round "2"]
[White "Seirawan, Yasser"]
[Black "Adianto, Utut"]
[Result "1/2-1/2"]
[WhiteElo "2600"]
[BlackElo "2520"]

1.c4 c6 2.Nc3 d5 3.d4 Nf6 4.cxd5 cxd5 5.Bf4 Nc6 6.e3 a6 7.Bd3 Bg4 8.Nf3 e6
9.Qb3 Bxf3 10.gxf3 Bd6 11.Bg3 O-O 12.O-O b5 13.a4 b4 14.Ne2 Na5 15.Qd1 Qb6
16.Nc1 Rfc8 17.Nb3 Nxb3 18.Qxb3 a5 19.Rfc1 Nh5 20.Bh4 Qb7 21.Qd1 g6 22.f4 Kg7
23.Rxc8 Rxc8 24.Rc1 Rxc1 25.Qxc1 Qc7 26.Qxc7 Bxc7 27.Be7 f5 28.Be2 Kf7 29.Bxh5 Kxe7  1/2-1/2

[Event "Jakarta"]
[Site "Jakarta"]
[Date "1994.??.??"]
[Round "12"]
[White "Ye Rongguang"]
[Black "Sitanggang, Salor"]
[Result "1/2-1/2"]
[WhiteElo "2500"]
[BlackElo "2390"]

1.c4 c6 2.Nf3 d5 3.d4 Nf6 4.cxd5 cxd5 5.Nc3 Nc6 6.Bf4 Bf5 7.e3 e6 8.Bd3 Bxd3
9.Qxd3 Bb4 10.O-O O-O 11.Bg5 h6 12.Bxf6 Qxf6 13.Rfc1 Bxc3 14.Rxc3 a6 15.h3 Rfc8
16.Rac1 Qd8  1/2-1/2

[Event "JUG-chT2"]
[Site "?"]
[Date "1994.??.??"]
[Round "9"]
[White "Raicevic, Ivica"]
[Black "Rosic, Slavko"]
[Result "1/2-1/2"]
[WhiteElo "2365"]
[BlackElo "2295"]

1.c4 c6 2.Nc3 d5 3.d4 Nf6 4.Nf3 e6 5.cxd5 exd5 6.Bg5 Be7 7.e3 O-O 8.Bd3 a5
9.Qc2 h6 10.Bf4 Na6 11.a3 Bd6 12.Bg3 Bxg3 13.hxg3 Re8 14.Rh4 Nb8 15.Na4 Nbd7
16.Rc1 Nb6 17.Nxb6 Qxb6 18.b3 Ng4 19.Kf1 Qc7 20.Bh7+ Kf8 21.Bf5 Nf6 22.Ne5 Qe7
23.Bxc8 Rexc8 24.Qc5 Qxc5 25.Rxc5 Ke7 26.Ke2 Nd7 27.Nxd7 Kxd7 28.Kd3 Re8
29.Rf4 Re7 30.Rf5 Kd6 31.Rf4 f6 32.Rh4 b6 33.Rc2 c5 34.Rh1 a4 35.dxc5+ bxc5
36.b4 cxb4 37.axb4 Rd7 38.Rb1 a3 39.Ra2 Kc6 40.Rb3 Rda7 41.b5+ Kb6 42.e4 dxe4+
43.Kxe4 Ra5 44.Kd4 R8a7 45.Kd3 Ra4 46.Ke3 Ra8 47.f3 R8a7 48.g4 Ra8 49.Ke2 R8a7
50.Kf2 Ra8 51.Kg3 R8a7 52.Kh4 f5 53.g3 fxg4 54.f4 g6 55.Kxg4 R7a5 56.Kf3 h5
57.Kg2 h4 58.Kh3 hxg3 59.Kxg3 g5 60.fxg5 Rxb5  1/2-1/2

[Event "JUG-chT"]
[Site "JUG"]
[Date "1994.??.??"]
[Round "6"]
[White "Drasko, Milan"]
[Black "Matulovic, Milan"]
[Result "1/2-1/2"]
[WhiteElo "2545"]
[BlackElo "2460"]

1.c4 c6 2.Nf3 Nf6 3.e3 d5 4.Nc3 Bf5 5.cxd5 Nxd5 6.d4 e6 7.Bc4 Nd7 8.O-O Be7
9.Qe2 Bg4 10.h3 Bh5 11.e4 Nxc3 12.bxc3 Qc7 13.a4 O-O 14.Be3 Nf6 15.Bd3 c5
16.g4 Bg6 17.Nd2 Rfd8 18.f4 Rac8 19.Kg2 h6 20.Rab1 c4  1/2-1/2

[Event "Heart of Finland op 4th"]
[Site "Jyvaskyla"]
[Date "1994.??.??"]
[Round "?"]
[White "Bator, Robert"]
[Black "Hector, Jonny"]
[Result "0-1"]
[WhiteElo "2405"]
[BlackElo "2530"]

1.c4 c6 2.Nf3 d5 3.d4 Nf6 4.Qc2 g6 5.e3 Na6 6.cxd5 Nb4 7.Qb3 Nbxd5 8.Bd3 Qb6
9.Nbd2 Qxb3 10.Nxb3 Bf5 11.Bxf5 gxf5 12.a3 e6 13.Na5 Rg8 14.g3 O-O-O 15.Ke2 Ne4
16.Bd2 c5 17.dxc5 Bxc5 18.Rhc1 Kb8 19.Be1 Be7 20.Rc2 h5 21.h4 Bf6 22.Rac1 Nd6
23.Nb3 Rge8 24.Ba5 Rc8 25.Bd2 b6 26.Rxc8+ Nxc8 27.Nbd4 Kb7 28.Rc2 Nd6 29.Bc1 a5
30.Kf1 a4 31.Ne2 Ne4 32.Nd2 Nc5 33.Nc4 Rd8 34.Nf4 Nxf4 35.exf4 Nb3 36.Be3 b5
37.Nd2 Rc8 38.Rxc8 Kxc8 39.Nxb3 axb3 40.Bc1 Kd7 41.Ke2 Kc6 42.f3 Kd5 43.Kd3 Bd4
44.Ke2 Kc4 45.g4 fxg4 46.fxg4 hxg4 47.h5  0-1

[Event "Heart of Finland op 4th"]
[Site "Jyvaskyla"]
[Date "1994.??.??"]
[Round "?"]
[White "Mednis, Edmar John"]
[Black "Maki Uuro, Miikka"]
[Result "1/2-1/2"]
[WhiteElo "2420"]
[BlackElo "2275"]

1.c4 c6 2.g3 d5 3.Bg2 Nf6 4.Qb3 e5 5.d3 a5 6.Nf3 a4 7.Qc2 Nbd7 8.O-O Bd6
9.cxd5 cxd5 10.Bd2 Nb6 11.Nc3 Bd7 12.d4 e4 13.Ne5 Bxe5 14.dxe5 Ng4 15.Nxd5 Nxd5
16.Qxe4 Ne7 17.Bc3 O-O 18.Rad1 Qe8 19.Bb4 Rd8 20.Ba3 b5 21.Qb4 Ng6 22.Qc3 Qxe5
23.Qxe5 N4xe5 24.Bxf8 Nxf8 25.Rd5 Re8 26.Rc1 Nc4 27.b3 axb3 28.axb3 Na5 29.b4 Nc4
30.e3 Bc6 31.Rc5 Bxg2 32.Kxg2 Rb8 33.Rd1 Ne6 34.Rc6 Kf8 35.Rd5 Ke7 36.h4 Rb7
37.Kf1 Nc7 38.Rd4 Ne6 39.Rd5 Nc7 40.Rd4  1/2-1/2

[Event "Kassel op"]
[Site "Kassel"]
[Date "1994.??.??"]
[Round "2"]
[White "Reschke, Thomas"]
[Black "Schneider, Attila"]
[Result "1-0"]
[WhiteElo "2225"]
[BlackElo "2380"]

1.c4 c6 2.Nf3 d5 3.b3 Bf5 4.g3 h6 5.Bg2 Nf6 6.O-O e6 7.Bb2 Be7 8.d3 O-O 9.Nbd2 c5
10.cxd5 exd5 11.d4 Nbd7 12.dxc5 Nxc5 13.Rc1 Rc8 14.Nd4 Bg6 15.Bh3 Ncd7 16.Nf5 Bxf5
17.Bxf5 Rc6 18.Nf3 Qc7 19.Bb1 Rd8 20.Qd2 Bd6 21.Nd4 Rxc1 22.Rxc1 Qb8 23.Nf5 Be5
24.Ba3 Nb6 25.Qd3 Nc8 26.Ne7+ Kh8 27.Qf5 Nb6 28.Bc5 Re8 29.Bxb6 axb6 30.Nxd5 g6
31.Qf3 Qd6 32.Nxf6 Qxf6 33.Qe3 Rd8 34.Qxh6+ Kg8 35.Be4 Bd4 36.Bf3 Bc5 37.Kg2 Re8
38.Qd2 Rd8 39.Qc3 Qg5 40.h4 Qe7 41.Rc2 Rd1 42.Rd2 Rxd2 43.Qxd2 b5 44.Qa5 Qd6
45.Qa8+ Kg7 46.Qxb7 Qd4 47.e3 Qd2 48.Qxb5  1-0

[Event "Kopavogur"]
[Site "Kopavogur"]
[Date "1994.??.??"]
[Round "?"]
[White "Olafsson, Helgi"]
[Black "Gretarsson, Helgi Ass"]
[Result "1/2-1/2"]
[WhiteElo "2535"]
[BlackElo "2390"]

1.c4 c6 2.e4 d5 3.exd5 cxd5 4.d4 Nf6 5.Nc3 Nc6 6.Nf3 Bg4 7.cxd5 Nxd5 8.Qb3 Bxf3
9.gxf3 e6 10.Qxb7 Nxd4 11.Bb5+ Nxb5 12.Qc6+ Ke7 13.Qxb5 Qd7 14.Nxd5+ Qxd5
15.Bg5+ f6 16.Qxd5 exd5 17.Be3 Ke6 18.O-O-O Bb4 19.a3 Rac8+ 20.Kb1 Bc5 21.Rhe1 Kd6
22.Bf4+ Kc6 23.Re6+ Kb7 24.Rxd5 Rhd8 25.Rxd8 Rxd8 26.Kc2 Rd5 27.Bg3 Rf5 28.b4 Bb6
29.f4 g5 30.Re7+ Kc6 31.Rxh7 gxf4 32.Bh4 a5 33.Rf7 axb4 34.axb4 Kb5 35.f3 Rh5
36.Be1 Rh3 37.Rxf6 Rxf3 38.h4 Rf1 39.Bd2 f3 40.Kd3 f2 41.h5  1/2-1/2

[Event "Kopavogur"]
[Site "Kopavogur"]
[Date "1994.??.??"]
[Round "?"]
[White "Skembris, Spyridon"]
[Black "Wells, Peter K"]
[Result "0-1"]
[WhiteElo "2525"]
[BlackElo "2490"]

1.c4 c6 2.Qa4 g6 3.Nf3 Bg7 4.g3 e5 5.Nc3 Ne7 6.h4 h6 7.c5 f5 8.e4 d5 9.cxd6 Qxd6
10.exf5 gxf5 11.d4 exd4 12.Ne2 Nd5 13.Nexd4 O-O 14.Bc4 b5 15.Bxd5+ Qxd5 16.Qb3 Qxb3
17.Nxb3 Re8+ 18.Be3 Bxb2 19.Rb1 Bc3+ 20.Kf1 Be6 21.Bxh6 Bd5 22.Kg2 Nd7 23.Bf4 a5
24.Rhd1 Nf6 25.a3 Ng4 26.Rxd5 cxd5 27.Nbd4 b4 28.a4 Ra6 29.Nxf5 Re2 30.Rf1 Rf6
31.N3d4 Ra2 32.Ne7+ Kf7 33.Nef5 Bxd4 34.Nxd4 Rxf4  0-1

[Event "Kstovo op"]
[Site "Kstovo"]
[Date "1994.??.??"]
[Round "6"]
[White "Serper, Grigory"]
[Black "Lugovoi, Aleksei"]
[Result "1-0"]
[WhiteElo "2575"]
[BlackElo "2465"]

1.c4 c6 2.e4 d5 3.cxd5 cxd5 4.exd5 Nf6 5.Qa4+ Nbd7 6.Nc3 g6 7.Nf3 Bg7 8.Qb3 Nb6
9.Bb5+ Bd7 10.Bxd7+ Qxd7 11.Ne5 Qd6 12.Qb5+ Nfd7 13.d4 O-O 14.Nxd7 Qxd7 15.Qxd7 Nxd7
16.Bg5 Bf6 17.h4 Rfd8 18.Ne4 Kg7 19.O-O-O Bxg5+ 20.hxg5 Nf8 21.d6 exd6 22.d5 Nd7
23.Rh6 f5 24.Rdh1 Rh8 25.Nxd6 Ne5 26.R6h3 Rad8 27.Re1 Ng4 28.Rc3 Rd7 29.f3 Nf2
30.Ne8+ Kf7 31.Nf6 Re7 32.Rf1 Re2 33.Rc7+ Kf8 34.Rc8+ Kg7 35.Rc7+ Kf8 36.Rxf2 Rxf2
37.d6 Rf1+ 38.Kd2 Rf2+ 39.Ke1 Rxb2 40.Rc8+ Kg7 41.Rc7+ Kf8 42.Rc8+  1-0

[Event "Las Palmas-B"]
[Site "Las Palmas"]
[Date "1994.??.??"]
[Round "2"]
[White "Ubilava, Elizbar"]
[Black "Sarmiento, Braulio Alfonso"]
[Result "1-0"]
[WhiteElo "2535"]
[BlackElo "2230"]

1.c4 c6 2.d4 d5 3.cxd5 cxd5 4.Nc3 Nc6 5.Bf4 Nf6 6.Nf3 e6 7.e3 Nh5 8.Be5 f6
9.Bg3 Nxg3 10.hxg3 g6 11.Bd3 Bg7 12.Rxh7 Rxh7 13.Bxg6+ Kf8 14.Bxh7 f5 15.Nh4 Qg5
16.Ng6+ Kf7 17.Nf4 Ne7 18.Nb5 Qh6 19.Nd6+ Kf8 20.Qa4  1-0

[Event "Las Vegas op"]
[Site "Las Vegas"]
[Date "1994.??.??"]
[Round "?"]
[White "Jones, Curt"]
[Black "Levy, Louis"]
[Result "1/2-1/2"]
[WhiteElo "2380"]
[BlackElo "2275"]

1.c4 c6 2.e4 d5 3.exd5 cxd5 4.d4 Nf6 5.Nc3 e6 6.Nf3 Be7 7.cxd5 exd5 8.Bb5+ Bd7
9.Bxd7+ Nbxd7 10.O-O O-O 11.Bg5 h6 12.Bh4 Qa5 13.a3 Bd6 14.b4 Qa6 15.Re1 Rac8
16.Qd2 Rfe8 17.Bg3 Rxe1+ 18.Qxe1 Bxg3 19.hxg3 Qc4 20.Rc1 Re8 21.Qd1 Qa6 22.Qb3 Rc8
23.Re1 Qc6 24.Rc1 Ne4 25.Ne2 Qxc1+ 26.Nxc1 Rxc1+ 27.Kh2 Nxf2 28.g4 Nxg4+
29.Kg3 Ngf6 30.Kh2 Ng4+ 31.Kg3 Ngf6  1/2-1/2

[Event "Lazne Bohdanec"]
[Site "Lazne Bohdanec"]
[Date "1994.??.??"]
[Round "9"]
[White "Meduna, Eduard"]
[Black "Haba, Petr"]
[Result "1/2-1/2"]
[WhiteElo "2450"]
[BlackElo "2475"]

1.c4 c6 2.Nf3 d5 3.cxd5 cxd5 4.d4 Nf6 5.Nc3 Nc6 6.Bf4 Bf5 7.e3 e6 8.Bd3 Bxd3
9.Qxd3 Be7 10.O-O O-O 11.Rfc1 Rc8 12.a3 Nd7 13.h3  1/2-1/2

[Event "Lazne Bohdanec"]
[Site "Lazne Bohdanec"]
[Date "1994.??.??"]
[Round "11"]
[White "Meduna, Eduard"]
[Black "Blatny, Pavel"]
[Result "1/2-1/2"]
[WhiteElo "2450"]
[BlackElo "2525"]

1.c4 c6 2.Nf3 d5 3.cxd5 cxd5 4.d4 Nf6 5.Nc3 Nc6 6.Bf4 Bf5 7.e3 e6 8.Bd3 Bxd3
9.Qxd3 Bd6 10.Bg3 a6 11.O-O O-O 12.Rfc1 Rc8  1/2-1/2

[Event "VfB op 1st"]
[Site "Leipzig"]
[Date "1994.??.??"]
[Round "?"]
[White "Winter, Karl Heinz"]
[Black "Pannier, Thomas"]
[Result "1/2-1/2"]
[WhiteElo "1985"]
[BlackElo "1675"]

1.c4 c6 2.Nc3 d5 3.d4 Nf6 4.g3 Bf5 5.Bg2 e6 6.Nf3 Nbd7 7.O-O Be4 8.e3 Bb4
9.cxd5 cxd5 10.Nxe4 Nxe4 11.Ne5 Nxe5 12.dxe5 b5 13.Qb3 Qa5 14.Bxe4 dxe4 15.Qc2 O-O
16.Qxe4 Rfd8 17.a3 Be7 18.b4 Qa4 19.Bb2 a5 20.Bd4 Rac8 21.Bb6 Rd5 22.Bxa5 Rc4
23.Qf3 g6 24.Bb6 Rxe5 25.Qb7 Bf8 26.Qb8 Qa6 27.Bc5 Rcxc5 28.bxc5 Rxc5 29.Rfb1 Kg7
30.Rd1 Qc6 31.Qd8 Rc3 32.Qd4+ Kg8 33.a4 bxa4 34.Rxa4 Rc1 35.Ra1 Rxa1 36.Rxa1 Qc5
37.Qf6 Qe7 38.Qf3 Kg7 39.Ra4 Qd7 40.Ra8 Bc5 41.h4 h5 42.g4 hxg4 43.Qxg4 f5
44.Qf3 Qe7 45.Rc8 Bd6 46.Qc6 Kf6 47.f4 Kf7 48.Rh8 Kg7 49.Qc8 Qf7 50.Rd8 Be7
51.Kg2 Bxh4 52.Rd7 Be7 53.Kf3 g5 54.Qc7 g4+ 55.Kg3 Kf8 56.Qc6 Qf6 57.Qh1 e5
58.Rd3 exf4+ 59.exf4 Kg7 60.Qh5 Qe6 61.Qh1 Qe2  1/2-1/2

[Event "VfB op 1st"]
[Site "Leipzig"]
[Date "1994.??.??"]
[Round "?"]
[White "Czech, Ludwig"]
[Black "Pannier, Thomas"]
[Result "1-0"]
[WhiteElo "2240"]
[BlackElo "1675"]

1.c4 c6 2.e4 d5 3.exd5 cxd5 4.cxd5 Qxd5 5.Nc3 Qa5 6.Nf3 Nf6 7.a3 Nc6 8.Bb5 Bd7
9.O-O e6 10.d4 Rc8 11.Be3 Nd5 12.Qb3 Nxc3 13.bxc3 a6 14.Bd3 b5 15.a4 b4 16.c4 Qc7
17.c5 a5 18.Rfe1 Be7 19.Qc2 h6 20.Ba6 Rd8 21.Bb5 Bf6 22.Rad1 Ne7 23.Nd2 Bxb5
24.axb5 Bxd4 25.Nc4 Bxe3 26.b6 Rxd1 27.Rxd1 Qc8 28.Nxa5 Bxc5 29.Qa4+ Nc6
30.b7 Qc7 31.Qxc6+ Qxc6 32.b8=Q+  1-0

[Event "Lippstadt"]
[Site "Lippstadt"]
[Date "1994.??.??"]
[Round "1"]
[White "Hoffmann, Michael"]
[Black "Wehmeier, Stefan"]
[Result "1/2-1/2"]
[WhiteElo "2470"]
[BlackElo "2290"]

1.c4 c6 2.Nf3 d5 3.d4 Nf6 4.Qb3 e6 5.g3 dxc4 6.Qxc4 b5 7.Qc2 Bb7 8.Bg2 Nbd7
9.O-O c5 10.Nc3 b4 11.Na4 Be4 12.Qc4 Bd5 13.Qa6 Qc8 14.Qxc8+ Rxc8 15.Be3 c4
16.a3 a5 17.Rfc1 Bd6 18.Nd2 Ke7 19.Bg5 h6 20.Bxf6+ gxf6 21.e4 Bc6 22.axb4 Bxb4
23.Nc3 Nb6 24.d5  1/2-1/2

[Event "Litomysl op"]
[Site "Litomysl"]
[Date "1994.??.??"]
[Round "?"]
[White "Yoshan, V."]
[Black "Haba, Petr"]
[Result "0-1"]
[WhiteElo "2230"]
[BlackElo "2505"]

1.c4 c6 2.Nc3 d5 3.cxd5 cxd5 4.d4 Nf6 5.Nf3 Nc6 6.Bf4 Ne4 7.Rc1 Nxc3 8.bxc3 e6
9.e3 Bd6 10.Bd3 Bxf4 11.exf4 f6 12.O-O Qd6 13.Qd2 O-O 14.Rfe1 Bd7 15.Re2 Rac8
16.g3 Ne7 17.Qc2 h6 18.Qb3 Rc7 19.Bb5 Rfc8 20.Bxd7 Qxd7 21.Re3 Nf5 22.Rd3 Rc6
23.Nd2 R8c7 24.g4 Ne7 25.Re1 Ng6 26.Rf3 Qd6 27.f5 Nh4 28.Rh3 Qf4 29.Rxh4 Qxd2
30.Rxe6 Rxe6 31.fxe6 Qg5 32.Rh3 Qxg4+ 33.Rg3 Qxe6 34.Re3 Qf5 35.Qa4 b6 36.Qe8+ Kh7
37.Qb8 Qc8 38.Qxc8 Rxc8 39.Kg2 Rc7 40.Kf3 Kg6 41.Ke2 Kf7 42.Kd3 Re7 43.Rf3 Re1
44.Kc2 g5 45.h3 Ke6 46.Kb3 f5 47.c4 f4 48.c5 Rc1 49.Kb2 Rc4 50.cxb6 axb6
51.Rb3 Rc6 52.Rb5 h5 53.f3 Rd6 54.Kc3 Kf5 55.Kd3 g4 56.hxg4+ hxg4 57.fxg4+ Kxg4
58.Rb1 Kg3 59.Rg1+ Kf2 60.Rg5 f3 61.a4 Kf1 62.Rf5 f2 63.Rf8 Rg6 64.Ke3 Ke1
65.Rxf2 Re6+  0-1

[Event "Litomysl op"]
[Site "Litomysl"]
[Date "1994.??.??"]
[Round "?"]
[White "Yoshan, V."]
[Black "Dmitriev, Igor"]
[Result "0-1"]
[WhiteElo "2230"]
[BlackElo "2425"]

1.c4 c6 2.Nf3 d6 3.d4 Nf6 4.Bg5 Nbd7 5.Nc3 h6 6.Bxf6 Nxf6 7.e4 Qa5 8.Bd3 e5
9.d5 Be7 10.O-O O-O 11.a3 Re8 12.b4 Qc7 13.Rc1 a6 14.dxc6 bxc6 15.Nd2 Qa7
16.Nb3 Be6 17.Na5 Rac8 18.Qe2 Bd8 19.Nb3 a5 20.Rb1 Bb6 21.Qd2 Rcd8 22.Na4 Bc7
23.Nc3 axb4 24.axb4 Qb8 25.b5 d5 26.Qe2 dxe4 27.Nxe4 Nxe4 28.Bxe4 cxb5 29.cxb5 Bb6
30.Bc6 Re7 31.Rfe1 Ra7 32.Nc1 Qd6 33.g3 Qd4 34.Nb3 Qc4 35.Na1 Qc3 36.Rbc1 Qd2
37.Rc2 Qd4 38.Rcc1 Ra2 39.Nc2 Qc3 40.Red1 Rxd1+ 41.Qxd1 Qb2 42.Qd2 f5 43.Bd5 Bxd5
44.Qxd5+ Kh7 45.Qd2 Qxb5 46.Qe1 Rb2 47.Ne3 Qd3 48.Nd1 Rd2 49.Qf1 Qf3 50.Rb1 f4
51.Qe1 Re2 52.Qf1 Rd2 53.Qe1 Rd6 54.Nc3 fxg3 55.hxg3 Qxg3+ 56.Kf1 Qh3+  0-1

[Event "London op"]
[Site "London"]
[Date "1994.??.??"]
[Round "2"]
[White "Holland, Christopher"]
[Black "Summerscale, Aaron"]
[Result "0-1"]
[WhiteElo "2220"]
[BlackElo "2410"]

1.c4 c6 2.Nf3 d5 3.d4 Nf6 4.g3 Bf5 5.Nc3 e6 6.Bg2 Nbd7 7.Qb3 Qb6 8.Qxb6 axb6
9.cxd5 exd5 10.Nh4 Bc2 11.Bd2 h6 12.f4 b5 13.Rc1 Bh7 14.Ra1 Nb6 15.f5 Nc4
16.b3 Nxd2 17.Kxd2 Ba3 18.Kc2 g5 19.fxg6 fxg6  0-1

[Event "Lloyds Bank op"]
[Site "London"]
[Date "1994.??.??"]
[Round "4"]
[White "Costello, Colin"]
[Black "Ferguson, Mark"]
[Result "0-1"]
[WhiteElo "2150"]
[BlackElo "2330"]

1.c4 c6 2.Nf3 Nf6 3.g3 d5 4.b3 Bf5 5.Bb2 e6 6.Bg2 h6 7.O-O Be7 8.d3 O-O 9.Nbd2 a5
10.Qc2 a4 11.e4 Bh7 12.Ne5 a3 13.Bc1 dxe4 14.Nxe4 Qd4 15.Qc3 Qxc3 16.Nxc3 Bb4
17.Na4 Nbd7 18.Nxd7 Nxd7 19.d4 e5 20.Be3 exd4 21.Bxd4 Rfe8 22.Bh3 Ne5 23.f4 Nd3
24.Rad1 Nb2 25.Nxb2 axb2 26.Bxb2 Rxa2 27.Bd4 Bc2 28.Ra1 Rxa1 29.Rxa1 c5 30.Be5 f6
31.Bd6 Bc3 32.Rc1 Bd4+ 33.Kh1 Bxb3 34.Bg2 Rd8 35.Bd5+ Kh8 36.Rb1 Bc2 37.Rc1 Bf5
38.Bc7 Rxd5  0-1

[Event "Lloyds Bank op"]
[Site "London"]
[Date "1994.??.??"]
[Round "6"]
[White "Ragozin, Evgeni"]
[Black "Kataev, Simcho"]
[Result "1-0"]
[WhiteElo "2510"]
[BlackElo "2385"]

1.c4 c6 2.d4 d5 3.Nc3 Nf6 4.Nf3 g6 5.e3 Bg7 6.Bd3 O-O 7.O-O Bg4 8.h3 Bxf3
9.Qxf3 dxc4 10.Bxc4 Nbd7 11.Rd1 e5 12.d5 c5 13.a4 Nb6 14.Bf1 Nc8 15.e4 Nd6
16.Bg5 h6 17.Bh4 b6 18.Ba6 Qe7 19.Rd2 g5 20.Bg3 Nfe8 21.Re1 Nc7 22.Bf1 c4
23.Qd1 Qd7 24.b3 cxb3 25.Qxb3 Nb7 26.d6 Nc5 27.Qd1 N7e6 28.Bb5 Qb7 29.Nd5 Kh8
30.Ne7 Rad8 31.Bc6 Qa6 32.Nf5 f6 33.Qh5 Kh7 34.Ne7 Nb3 35.Bd5 Nxd2 36.Bxe6 f5
37.Qg6+ Kh8 38.Bxe5  1-0

[Event "Lloyds Bank op"]
[Site "London"]
[Date "1994.??.??"]
[Round "8"]
[White "Webster, Andrew"]
[Black "Sadler, Matthew"]
[Result "1/2-1/2"]
[WhiteElo "2405"]
[BlackElo "2560"]

1.c4 c6 2.b3 d5 3.Bb2 Nf6 4.g3 Bf5 5.Bg2 e6 6.Nf3 h6 7.O-O Nbd7 8.d3 Be7
9.a3 O-O 10.Nbd2 a5 11.Qc2 Bh7 12.Bc3 Re8 13.Qb2 Bd6 14.Ne5 Nxe5 15.Bxe5 Bxe5
16.Qxe5 Qb6 17.Bf3 Bf5 18.Kg2 Bg4 19.Rfb1 Rad8 20.b4 Bxf3+ 21.exf3 a4 22.f4 dxc4
23.Nxc4 Qd4 24.Rd1 Qd5+ 25.Qxd5 exd5 26.Nb6 Re2 27.Re1 Rd2 28.Red1 Rc2 29.Rdc1 Rd2
30.Rd1 Rc2 31.Rdc1  1/2-1/2

[Event "EUCup Gr3"]
[Site "Lubniewice"]
[Date "1994.??.??"]
[Round "1"]
[White "Paldanius, Pekka"]
[Black "Kuczynski, Robert"]
[Result "0-1"]
[WhiteElo "2290"]
[BlackElo "2515"]

1.c4 c6 2.e4 d5 3.exd5 cxd5 4.d4 Nf6 5.Nc3 e6 6.Nf3 Bb4 7.cxd5 Nxd5 8.Bd2 O-O
9.Bd3 Be7 10.O-O Nc6 11.a3 Nxc3 12.bxc3 b6 13.Qc2 g6 14.Bh6 Re8 15.Qd2 Bb7
16.Ng5 Bf6 17.Rad1 Bg7 18.Qf4 Qe7 19.Qh4 Bxh6 20.Qxh6 f6 21.Ne4 Rad8 22.Rfe1 Na5
23.Re3 Rf8 24.Rg3 Qg7 25.Qc1 Kh8 26.Re1 Nc6 27.f4 Ne7 28.Rh3 Nd5 29.Ng3 Bc8
30.Rh4 Rg8 31.Qc2 f5 32.Ne2 g5 33.Rh3 gxf4  0-1

[Event "Madrid"]
[Site "Madrid"]
[Date "1994.??.??"]
[Round "6"]
[White "Illescas Cordoba, Miguel"]
[Black "Magem Badals, Jorge"]
[Result "1-0"]
[WhiteElo "2590"]
[BlackElo "2505"]

1.c4 c6 2.d4 d5 3.Nf3 Nf6 4.Nc3 a6 5.c5 Bf5 6.Bf4 Nbd7 7.e3 g6 8.h3 Bg7 9.Be2 Ne4
10.O-O O-O 11.Na4 f6 12.Bh2 e5 13.Qb3 Ra7 14.Nc3 exd4 15.Nxe4 Bxe4 16.Nxd4 Re8
17.Bd6 g5 18.Bg4 Nf8 19.Bf5 Bxf5 20.Nxf5 Ng6 21.f3 Kh8 22.e4 dxe4 23.Qf7 Rg8
24.Rae1 Qe8 25.Qc7 Qc8 26.Qxc8 Rxc8 27.Rxe4 Raa8 28.Rb4 Ra7 29.Re1 Rd8 30.Re3 Kg8
31.Reb3 Rd7 32.Bb8 Ra8 33.Rxb7 Rd1+ 34.Kh2 Bf8 35.Bd6 Rd5 36.Bxf8 Rxf5 37.Bd6 Rd5
38.Rc7 Rd2 39.Rbb7 Nh4 40.Rg7+  1-0

[Event "CRO-chT"]
[Site "Makarska"]
[Date "1994.??.??"]
[Round "8"]
[White "Lalic, Bogdan"]
[Black "Varga, Zoltan"]
[Result "1-0"]
[WhiteElo "2520"]
[BlackElo "2470"]

1.c4 c6 2.e4 e5 3.Nc3 d6 4.Nf3 c5 5.g3 g6 6.Bg2 Nc6 7.a3 Nge7 8.b4 Bh6 9.bxc5 dxc5
10.Nd5 O-O 11.O-O Qd6 12.d4 Bxc1 13.dxc5 Qxc5 14.Qxc1 f6 15.Rb1 a6 16.h3 Rb8
17.Kh2 Na5 18.Nd2 Be6 19.f4 Kg7 20.Qb2 Nec6 21.Rbc1 Nd4 22.Nf3 Nac6 23.Ne1 exf4
24.gxf4 b5 25.Nd3 Qa7 26.c5 Bg8 27.e5 Bxd5 28.Bxd5 Qe7 29.Nb4 Nxb4 30.axb4 fxe5
31.Rce1 Qh4 32.Rxe5 Rxf4 33.Re7+ Kh6 34.Qd2 Rf8 35.Re4 g5 36.Rfxf4 Rxf4 37.Rxf4 gxf4
38.Qxd4 Qg3+ 39.Kh1 Qxh3+ 40.Kg1 Qg3+ 41.Kf1  1-0

[Event "Marijampole op"]
[Site "Marijampole"]
[Date "1994.??.??"]
[Round "9"]
[White "Walach, Marcin"]
[Black "Sarakauskas, Gediminas"]
[Result "0-1"]
[WhiteElo "2265"]
[BlackElo "2105"]

1.c4 c6 2.Nc3 d5 3.d4 Nf6 4.Nf3 a6 5.cxd5 cxd5 6.Bf4 Nc6 7.e3 Bf5 8.Bd3 Bxd3
9.Qxd3 e6 10.O-O Bd6 11.Ne5 Rc8 12.Rac1 O-O 13.Rfd1 Nh5 14.Nxc6 Nxf4 15.exf4 Rxc6
16.f5 Qf6 17.Rc2 b5 18.g3 Bb8 19.Rdc1 Rc4 20.fxe6 fxe6 21.Nd1 Rxd4 22.Qa3 Ba7
23.Ne3 Ra4 24.Qb3 Bxe3 25.Qxe3 Rxa2 26.Rc8 h6 27.Rxf8+ Kxf8 28.Rc6 Kf7 29.Rc7+ Kg8
30.Rc6 d4 31.Qe4 Qf5 32.Qxd4 Qd5 33.Qxd5 exd5 34.b4 Kf7 35.Rd6 Ra4 36.Kg2 Ke7
37.Rg6 Kf7 38.Rd6 Rxb4 39.Rxa6 d4 40.Kf3 Rb3+ 41.Ke4 Rb2 42.f4 Rxh2 43.Kxd4 Rh3
44.Rb6 Rxg3 45.Rxb5 Kg6 46.Ke4 h5 47.Rb6+ Kh7 48.f5 Rg1 49.Kf4 h4 50.Ra6 Rg2
51.Kf3 Rg3+ 52.Kf4 Rb3 53.Kg4 h3 54.Ra2  0-1

[Event "Maromme op"]
[Site "Maromme"]
[Date "1994.??.??"]
[Round "?"]
[White "Noble, Mark Frederick"]
[Black "Rause, Olita"]
[Result "0-1"]
[WhiteElo "2290"]
[BlackElo "2355"]

1.c4 c6 2.Nf3 d5 3.e3 Nf6 4.Nc3 a6 5.d4 e6 6.Qc2 Nbd7 7.e4 dxe4 8.Nxe4 c5
9.Bf4 Qa5+ 10.Qd2 Qxd2+ 11.Nfxd2 Nxe4 12.Nxe4 cxd4 13.Nd6+ Bxd6 14.Bxd6 Nb8
15.g3 Nc6 16.Bg2 Kd7 17.c5 f6 18.f4 b5 19.Kf2 Bb7 20.Bxc6+ Kxc6 21.Rhd1 Kd5
22.Rd3 e5 23.Rad1 Bc8 24.Kf3 e4+  0-1

[Event "Maromme op"]
[Site "Maromme"]
[Date "1994.??.??"]
[Round "?"]
[White "Cerisier, Philippe"]
[Black "Hauchard, Arnaud"]
[Result "1/2-1/2"]
[WhiteElo "2290"]
[BlackElo "2490"]

1.c4 c6 2.e4 d5 3.exd5 cxd5 4.cxd5 Nf6 5.Qa4+ Nbd7 6.Nc3 g6 7.Nf3 Bg7 8.Qb3 O-O
9.Bc4 Nc5 10.Qa3 b6 11.O-O Bb7 12.d4 Nce4 13.Nxe4 Nxe4 14.Bf4 Nd6 15.Bxd6 Qxd6
16.Qxd6 exd6 17.Rfe1 Rfe8 18.a4 Rxe1+ 19.Rxe1 Rc8 20.b3 Bf6 21.Kf1 a6 22.Re3 b5
23.axb5 axb5 24.Bxb5 Bxd5 25.Ke1 Bxf3 26.Rxf3 Bxd4 27.Bc4 Rc7 28.g4 Kg7 29.Kf1 f6
30.Kg2 Bc5 31.Rd3 Re7 32.Rd2 Re4 33.h3 f5 34.gxf5 gxf5 35.Rd5 Kf6 36.Bd3 Re5
37.Rxe5 dxe5 38.f3 Kg5 39.Bb1 Kf4 40.Bc2 h6 41.Bd3 Bb6 42.Ba6 Bc5 43.Bc8 Bb6
44.Bd7 Bc5 45.Bc8 Bb6 46.Bd7  1/2-1/2

[Event "Wch U20 Girls"]
[Site "Matinhos"]
[Date "1994.??.??"]
[Round "?"]
[White "Chervonenko, Irina"]
[Black "Kadimova, Ilaha"]
[Result "1/2-1/2"]
[WhiteElo "2135"]
[BlackElo "2335"]

1.c4 c6 2.d4 d5 3.Nf3 Nf6 4.e3 Bf5 5.cxd5 cxd5 6.Nc3 e6 7.Ne5 Nc6 8.g4 Be4
9.f3 Bg6 10.h4 h6 11.Nxg6 fxg6 12.Qd3 Kf7 13.h5 g5 14.Qb5 Qc7 15.Qd3 Bd6
16.Qg6+ Kg8 17.Bd2 Bg3+ 18.Kd1 a6 19.Rc1 Bd6 20.a3 Qf7 21.Na4 Nd7 22.Be2 Qxg6
23.hxg6 Ne7 24.e4 Nxg6 25.e5 Bb8 26.Rc8+ Kf7 27.Rxh8 Nxh8 28.Bxg5 Bxe5 29.Be3 Bd6
30.f4 Ng6 31.Rf1 Ne7 32.b4 b5 33.Nc5 Nb6 34.Bd3 Nc4 35.Bc1 Nc6 36.f5 e5 37.dxe5 N6xe5
38.Bxc4 dxc4 39.Ne4 Rd8 40.g5 Be7+ 41.Kc2 hxg5 42.Bxg5 Rd4 43.f6 gxf6 44.Bxf6 Rxe4
45.Bxe5+ Ke6 46.Bc3 Re2+ 47.Kb1 Kd5 48.Re1 Rxe1+ 49.Bxe1 a5 50.Kc2 axb4 51.axb4 Ke4
52.Bd2 Kf3 53.Bc3 Ke2 54.Bd2 Bd6 55.Bc3 Be7 56.Bd2 Bh4 57.Bf4 Be7 58.Bd2 Bxb4
59.Bxb4  1/2-1/2